000 00594aam a2200241 4500
005 20250730135621.0
008 150608b xxu||||| |||| 00| 0 spa d
020 _a9789968317849
041 _aESP
082 _aCR 861.4 N218p
100 _aNaranjo Coto, Carmen
_923639
245 _aPoesía escogida
260 _aCosta Rica
260 _bEUNED
260 _c2010
300 _a160 páginas
490 _aTEMÁTICA GENERAL
650 _aTEMÁTICA GENERAL
650 _aLITERATURA COSTARRICENSE
650 _aPOESÍA COSTARRICENSE
650 _aCOMPILACIÓN
942 _cLIT
_2ddc
999 _c2698
_d2698